000 00554nam a22001697a 4500
005 20250129103252.0
008 250129b |||||||| |||| 00| 0 eng d
020 _a9780130928870
050 _aRB45.15
_b.G37
100 _aGarza, Diana
245 _aPhlebotomy Handbook/
_bblood collection essentials
_cDiana Garza, Kathleen Becan-McBride
250 _a6th ed.
260 _aUpper Saddle River, New Jersey
_bPearson Prentice Hall
_c2002
300 _axi. 544p.
_bill. some color
_c23.5cm
700 _aBecan-McBride, Kathleen
942 _2lcc
_cBK
_e6th ed.
_n0
999 _c3199
_d3199